000 01108nam a2200289Ia 4500
003 OSt
005 20220930092741.0
006 a|||||r|||| 00| 0
007 ta
008 220926b |||||||| |||| 00| 0 eng d
024 _a24304
037 _cTheses
040 _aCRL
_cCRL
_beng
041 _2eng
_aeng
100 _aPranav Ish
_9549630
110 _aUniversity OF Delhi. Faculty OF Medical Sciences. Department OF General Medicine
_9544737
245 0 _aDiagnosis of pulmonary tubnerculosis and rifampicin resistance
_b in people living with HIV/Aids (PLHIV) using cartridge based nucleic acid amplification test (CBNAAT)
260 _c2015
650 _aMEDICINE
700 _a Dr. Ashwani Khanna Gu.
_9540866
700 _a Dr. Richa Dewan Gu.
700 _a Dr. S. Anuradha Gu.
_9540772
700 _a Dr. Sandeep Garg Gu.
_9545800
700 _aUniversity OF Delhi. Faculty OF Medical Sciences. Department OF General Medicine
_9544739
942 _cDIS
_2CC
999 _c884241
_d884241